| 000 | 00607nam a2200193 i 4500 | ||
|---|---|---|---|
| 001 | 64570 | ||
| 003 | ES-MaACL | ||
| 005 | 20250815042116.0 | ||
| 007 | t| | ||
| 008 | 031229s1979 sp ||||1| spa d | ||
| 100 | 1 |
_aFontana, Josep, _d1931-2018 _951600 |
|
| 245 | 1 | 3 |
_aLa crísis del Antiguo Régimen, 1808-1833 / _cJosep Fontana. |
| 260 |
_aBarcelona : _bCrítica, _c[1979] |
||
| 300 |
_a290 p. ; _c20 cm. |
||
| 490 | 1 |
_aGuías de Historia contemporánea ; _v1 |
|
| 830 | 0 | 0 |
_aGuías de historia contemporánea _v1 _9230723 |
| 852 |
_aES-MaACL _jA-10037 _bR.99144 |
||
| 999 |
_c64570 _d64570 |
||